|
|
|
|
| LEADER |
00000nam0a2200000 4500 |
| 001 |
294394 |
| 005 |
20231102000707.0 |
| 020 |
|
|
|a RU
|b 84-25774
|
| 035 |
|
|
|a (RuTPU)RU\TPU\book\319451
|
| 090 |
|
|
|a 294394
|
| 100 |
|
|
|a 20150513d1984 k y0rusy5003 ca
|
| 101 |
0 |
|
|a rus
|
| 102 |
|
|
|a RU
|
| 105 |
|
|
|a y z 001zy
|
| 200 |
1 |
|
|a Прикладные программы для микроЭВМ "Электроника БЗ-34", "Электроника МК-56", "Электроника МК-54"
|f А. Н. Цветков, В. А. Епанечников
|
| 210 |
|
|
|a Москва
|c Финансы и статистика
|d 1984
|
| 215 |
|
|
|a 176 с.
|
| 320 |
|
|
|a Библиогр.: с. 172
|
| 606 |
|
|
|a Вычислительные машины клавишные электронные
|x Программирование
|2 stltpush
|3 (RuTPU)RU\TPU\subj\4069
|9 32380
|
| 610 |
1 |
|
|a алгебра
|
| 610 |
1 |
|
|a теория чисел
|
| 610 |
1 |
|
|a тригонометрия
|
| 610 |
1 |
|
|a аналитическая геометрия
|
| 610 |
1 |
|
|a численные методы
|
| 610 |
1 |
|
|a зависимость
|
| 610 |
1 |
|
|a зависимость
|
| 610 |
1 |
|
|a сглаживание
|
| 610 |
1 |
|
|a статистика
|
| 610 |
1 |
|
|a специальные функции
|
| 675 |
|
|
|a 681.321
|v 3
|
| 700 |
|
1 |
|a Цветков
|b А. Н.
|g Алексей Николаевич
|
| 701 |
|
1 |
|a Епанечников
|b В. А.
|g Виктор Александрович
|
| 801 |
|
0 |
|a RU
|b RuMRKP
|c 19950704
|g psbo
|
| 801 |
|
1 |
|a RU
|b 63413507
|c 20150513
|
| 801 |
|
2 |
|a RU
|b 63413507
|c 20180504
|g RCR
|
| 942 |
|
|
|c BK
|